| Tag |
First Indicator |
Second Indicator |
Subfields |
| LEADER |
00000cam a2200000 4500 |
| 001 |
in00000072120 |
| 005 |
20151008052426.0 |
| 008 |
730327s1963 nju b 001 0 eng |
| 010 |
|
|
|a 62018950
|
| 016 |
|
|
|a (AMICUS)000003600661
|
| 019 |
|
|
|a 262024
|a 226074397
|a 929719039
|a 981064296
|a 1062963577
|a 1167212151
|a 1221449056
|
| 020 |
|
|
|a 088738711X
|
| 029 |
0 |
|
|a NLM
|b 0353162
|
| 035 |
|
|
|a (OCoLC)14547931
|
| 040 |
|
|
|a NLM
|b eng
|c NLM
|d UX0
|d ISL
|d AU@
|d WSU
|d SER
|d STF
|d EZN
|d DOS
|d TULIB
|d BDX
|d YBM
|d OCLCF
|d DEBBG
|d OCLCQ
|d OCLCO
|d SSP
|d OCLCO
|d OCLCQ
|d CSJ
|d NLC
|d OCL
|d OCLCA
|d OCLCQ
|d CPO
|d OCLCQ
|d OCLCA
|d DCHUA
|d NKM
|d OCLCA
|d UKMGB
|d OCLCO
|d J9U
|
| 043 |
|
|
|a n-us---
|
| 049 |
|
|
|a TXAM
|
| 050 |
|
0 |
|a HV25
|b .C8
|
| 050 |
|
4 |
|a HV25
|b .C8 1963
|
| 060 |
0 |
0 |
|a HV 25
|b C978a 1963
|
| 082 |
0 |
4 |
|a 361
|
| 092 |
|
|
|a 361
|b C978a
|
| 100 |
1 |
|
|a Curti, Merle.
|
| 245 |
1 |
0 |
|a American philanthropy abroad;
|b a history.
|
| 260 |
|
|
|a New Brunswick,
|b Rutgers Univ. Press
|c [©1963]
|
| 264 |
|
1 |
|a New Brunswick, N.J. :
|b Rutgers University Press,
|c [1963]
|
| 300 |
|
|
|a xix, 651 pages.
|
| 336 |
|
|
|a text
|b txt
|2 rdacontent
|
| 337 |
|
|
|a unmediated
|b n
|2 rdamedia
|
| 338 |
|
|
|a volume
|b nc
|2 rdacarrier
|
| 490 |
1 |
|
|a Society and philanthropy series
|
| 504 |
|
|
|a Includes bibliographical essay (pages 629-642), bibliographical references and index.
|
| 505 |
0 |
|
|a I. Beginnings -- II. For the Greeks -- III. The Great Irish famine -- IV. Renewal -- V. The widening circle -- VI. The expansion of religious benevolence -- VII. For welfare and culture -- VIII. A little war and new disasters -- IX. The Great War -- X. The aftermath -- XI. Searches for international peace and progress -- XII. Responses to natural disasters -- XIII. The plight of the Jews -- XIV. Spain -- XV. The years of neutrality -- XVI. In war again -- XVII. Helping the victims survive -- XVIII. Migration to hope -- XIX. Prospects for a new world -- XX. Reflections and implications. Religious Benevolence -- VII. For Welfare and Culture -- VIII. A little war and new disasters -- IX. The Great War -- X. The aftermath -- XI. Searches for international peace and progress -- XII. Responses to natural disasters -- XIII. The plight of the Jews -- XIV. Spain -- XV. The years of neutrality -- XVI. In war again -- XVII. Helping the victims survive -- XVIII. Migration to hope -- XIX. Prospects for a new world -- XX. Reflections and implications.
|
| 650 |
|
0 |
|a Charities.
|
| 651 |
|
2 |
|a United States
|0 (DNLM)D014481
|
| 655 |
|
7 |
|a History.
|2 fast
|0 (OCoLC)fst01411628
|
| 776 |
0 |
8 |
|i Online version:
|a Curti, Merle (Merle Eugene), 1897-1996.
|t American philanthropy abroad.
|d New Brunswick : Rutgers Univeristy Press, ©1963
|w (OCoLC)706859010
|
| 830 |
|
0 |
|a Society and philanthropy series.
|
| 938 |
|
|
|a Brodart
|b BROD
|n 22432205
|c $33.00
|
| 999 |
|
|
|a MARS
|
| 999 |
f |
f |
|s 1456f40f-d929-3ddc-8538-23515c7e6e8a
|i f539366f-8f17-323a-a282-69561b1f8962
|t 0
|
| 952 |
f |
f |
|p ric
|a Texas A&M University
|b Rellis Campus
|c Joint Library Facility
|s JLF
|d Remote Storage
|t 0
|e HV25 .C8
|h Library of Congress classification
|i unmediated -- volume
|m A14800808497
|